[Event "Astana Open-A 2019"]
[Site "Nur-Sultan"]
[Date "2019.07.09"]
[Round "1"]
[White "Amonatov, Farrukh"]
[Black "Doschanov, Zhaslan"]
[Result "1-0"]
[WhiteElo "2632"]
[BlackElo "2139"]
[Annotator "TA RC"]
[PlyCount "73"]
[EventDate "2019.07.11"]
[EventCountry "KAZ"]
[SourceTitle "playchess.com"]
[Source "ChessBase"]
[SourceQuality "1"]

{[%evp 9,79,40,39,27,39,31,31,17,27,18,10,10,20,19,21,0,-5,-12,-31,-28,-28,-35,-27,-37,-63,-58,-66,-62,-21,-35,-34,-36,-27,-39,129,123,127,125,131,142,145,138,127,138,230,235,216,151,328,327,439,429,1263,1246,1227,1364,1358,1300,1221,1200,1010,870,29969,29971,5705,5314,5190,4581,29980,29980,29989,29990]} 1. e4 e5 2. Nf3 Nc6 3. Bb5 g6 4. c3 a6 5. Ba4 Bg7 6. d4 {C70: Ruy Lopez: 3...a6 4 Ba4, Norwegian and Delayed Schliemann} exd4 7. cxd4 b5 8. Bb3 {White is slightly better.} (8. Bc2 d6 9. d5 Na5 10. O-O Ne7 11. Bd2 Bxb2 12. Bxa5 Bxa1 13. Nc3 {1-0 (24) Navara,D (2733)-Salgado Lopez,I (2624) Germany 2019}) 8... Nge7 9. d5 (9. Nc3 {feels hotter.} Na5 10. O-O O-O 11. Re1 d6 12. h3) 9... Na5 $1 10. Bd2 Nxb3 11. Qxb3 c5 12. Bc3 (12. dxc6 $5 dxc6 13. Bc3 $11) 12... f6 $1 13. d6 Nc6 $146 14. Qd5 b4 $1 {[%cal Rb4c3]} 15. Bd2 Bb7 16. Qxc5 f5 17. e5 Rc8 {[%mdl 1024] Hoping for ...Nxe5. Black has compensation.} 18. Qe3 $1 O-O {aiming for ...Nxe5!} (18... Qa5 $5 {[%cal Rc6e5]} 19. O-O Qd5 $17) 19. O-O f4 20. Qb3+ Rf7 21. Re1 g5 $2 {[#]} (21... Na5 $1 $15 {stays ahead.} 22. Qxb4 Bxf3 23. gxf3 Nc4) 22. h3 $1 $16 h5 {Threatens to win with ...g4.} 23. h4 $1 $36 {[%mdl 2048] Black is under strong pressure.} gxh4 24. Bxb4 Nxb4 25. Qxb4 Rb8 26. Qd4 h3 (26... Bxf3 $16 27. gxf3 Qg5+ 28. Kh2 Kh8) 27. Nbd2 $18 {[%cal Bb1d2,Bd2e4,Be4f6][%mdl 32]} hxg2 28. Ne4 Kh8 $2 (28... Rf5 $16) 29. Qd3 {And now Neg5 would win.} ({Less strong is} 29. Kxg2 Rf5 $16) 29... Bh6 30. Nf6 {Black must now prevent Qg6!} Qf8 (30... Bxf3 $142 31. Qxf3 {[%mdl 64] Double Attack} Rb5) 31. Nh4 Rxf6 32. exf6 Qxf6 33. Re7 {[%csl Ge7][%cal Rd3h7]} Bg7 34. Ng6+ Kg8 35. Rxd7 f3 36. Re1 Bc6 37. Rc7 {Played: Qd3-c4} 1-0

[Event "Astana Open-A 2019"]
[Site "Nur-Sultan"]
[Date "2019.07.09"]
[Round "1"]
[White "Shomoev, Anton"]
[Black "Ansat, Aldiyar"]
[Result "1-0"]
[WhiteElo "2559"]
[BlackElo "2126"]
[Annotator "TA"]
[PlyCount "45"]
[EventDate "2019.07.11"]
[EventCountry "KAZ"]
[SourceTitle "playchess.com"]
[Source "ChessBase"]
[SourceQuality "1"]

{[%evp 13,76,-16,-15,-29,49,-19,0,0,0,0,5,0,0,-22,-29,-29,-32,-15,0,0,39,23,27,13,114,107,277,282,247,257,704,730,775,808,745,748,570,238,229,235,234,230,261,252,242,214,207,197,193,192,188,176,214,204,264,259,286,278,327,327,310,271,380,373,1803]} 1. e4 e6 2. d4 d5 3. Nc3 Bb4 4. e5 c5 5. a3 Bxc3+ 6. bxc3 Ne7 7. h4 Qc7 8. h5 {C18: French: 3 Nc3 Bb4: Main line: 7 h4 and 7 Qg4} Bd7 (8... h6 $11) (8... h6 9. Nf3 b6 10. a4 Ba6 11. Bb5+ Bxb5 12. axb5 a5 13. bxa6 Rxa6 14. Rxa6 Nxa6 15. Qd3 Nb8 16. O-O Nd7 17. Bf4 O-O 18. Ra1 {1-0 (41) Karjakin,S (2782)-So,W (2778) Paris 2018}) 9. a4 ({Better is} 9. h6 $14) 9... Nbc6 10. h6 {The position is equal.} cxd4 $146 ({Predecessor:} 10... gxh6 11. Nf3 cxd4 12. cxd4 Nb4 13. Bd3 Qc3+ 14. Bd2 Nxd3+ 15. cxd3 Qxd3 16. Bxh6 Qxd1+ 17. Kxd1 {0-1 (35) Deepan Chakkravarthy,J (2479)-Hossain,E (2485) Cebu 2007}) 11. cxd4 Nb4 $1 12. hxg7 Rg8 13. Bd3 Qc3+ 14. Bd2 Nxd3+ 15. cxd3 Qxd4 16. Ne2 Qxe5 17. Bc3 $36 {[%mdl 2048] White is pushing.} Qg5 18. Ng3 Nc6 (18... Rc8 $11 {keeps the balance.} 19. Qd2 Rxg7) 19. Rxh7 $16 d4 $2 {[#]} (19... e5 $16) 20. Bd2 $18 Qg6 21. Qh5 {And now Qh4 would win.} Qxd3 $2 (21... Ne7 22. Ne4 Bc6) 22. Qh4 Ne7 23. Ne4 {Played: Rh7-h8} 1-0

[Event "Astana Open-A 2019"]
[Site "Nur-Sultan"]
[Date "2019.07.09"]
[Round "1"]
[White "Vakhidov, Jakhongir"]
[Black "Irgaliyev, Alikhan"]
[Result "1-0"]
[WhiteElo "2541"]
[BlackElo "2125"]
[Annotator "TA"]
[PlyCount "57"]
[EventDate "2019.07.11"]
[EventCountry "KAZ"]
[SourceTitle "playchess.com"]
[Source "ChessBase"]
[SourceQuality "1"]

{[%evp 10,73,24,25,23,25,44,20,21,20,29,31,50,42,57,48,83,70,92,88,92,97,233,231,229,226,214,209,353,339,718,667,800,800,1339,364,386,374,364,385,355,345,342,334,430,417,472,464,433,430,443,414,596,593,731,703,697,696,945,958,942,898,1430,1431,1384,1358]} 1. c4 Nf6 2. Nc3 e5 3. Nf3 Nc6 4. g3 g6 5. d4 exd4 6. Nxd4 Bg7 {A29: English Opening: Four Knights Variation with 4 g3} 7. Bf4 O-O 8. Nxc6 bxc6 {The position is equal.} 9. Bg2 Rb8 10. Qd2 Ba6 $146 ({Predecessor:} 10... d5 11. Rd1 Be6 12. cxd5 cxd5 13. Be3 a5 14. O-O {½-½ (35) Aronian,L (2784)-Anand,V (2803) Berlin 2015}) 11. b3 d5 12. cxd5 Nxd5 {[#]} 13. Nxd5 $1 {[%mdl 512]} cxd5 14. Rc1 Re8 15. Bxc7 Qe7 (15... Qd7 $16 16. O-O (16. Bxb8 Rxe2+ 17. Qxe2 Bxe2 $11) 16... Rxe2) 16. Bxb8 $18 Bxe2 {[#]} 17. f4 $1 {Hoping for Kf2.} (17. Bxd5 $2 Bc4+ 18. Be5 Qxe5+ 19. Qe3 Bh6 $19) 17... Ba6+ 18. Kf2 Qe2+ (18... Qf6 $142 19. Bf3 (19. Bxa7 Re2+ 20. Qxe2 Bxe2 $16) 19... Rxb8) 19. Qxe2 Rxe2+ $2 (19... Bd4+ 20. Ke1 (20. Kf1 Rxe2 21. Rc6 Bb5 $16) 20... Rxe2+ 21. Kd1 Rxg2) 20. Kf3 Bd4 {Threatening ...h5.} 21. Bf1 Bd3 22. Rc8+ $2 (22. Bxe2 Be4+ 23. Kg4) 22... Kg7 {[#] ( -> ...Rf2+)} 23. Be5+ $1 ({Inferior is} 23. Bxe2 Be4+ 24. Kg4 Bf5+ 25. Kf3 Be4+ 26. Kg4 Bf5+ 27. Kf3 Be4+ $11) 23... Rxe5 24. fxe5 ({Less strong is} 24. Bxd3 Re3+ 25. Kg2 Rxd3 $18) 24... Be4+ 25. Ke2 Bxh1 {[%mdl 4096] Endgame KRB-KB} 26. Rc7 {Threatens to win with e6.} Bxe5 27. Rxa7 Be4 28. Kd2 Bd4 29. Rb7 {Played: Ra7-d7} 1-0

[Event "Astana Open-A 2019"]
[Site "Nur-Sultan"]
[Date "2019.07.09"]
[Round "1"]
[White "Agmanov, Begman"]
[Black "Stupak, Kirill"]
[Result "0-1"]
[WhiteElo "2134"]
[BlackElo "2560"]
[Annotator "TA"]
[PlyCount "107"]
[EventDate "2019.07.11"]
[EventCountry "KAZ"]
[SourceTitle "playchess.com"]
[Source "ChessBase"]
[SourceQuality "1"]

{[%evp 11,107,0,0,-23,-19,-34,-22,-39,-22,-24,-15,-27,-23,-27,0,-11,-11,-11,-9,-13,-13,-12,7,0,10,-5,0,0,0,-9,0,0,44,54,51,42,43,43,43,-3,16,18,18,14,18,20,34,26,37,21,21,18,14,0,0,0,0,0,0,-35,-31,-87,-100,-95,-91,-137,-128,-145,-153,-150,-93,-101,-5,-105,-110,-301,-290,-340,-327,-514,-452,-438,-428,-581,-409,-498,-473,-467,-460,-451,-433,-437,-415,-504,-483,-668,-668,-692]} 1. d4 g6 2. Bf4 Bg7 3. e3 Nf6 4. Nf3 O-O 5. Bd3 d6 6. h3 Nbd7 7. Bh2 {[#] A48: 1 d4 Nf6 2 Nf3 g6: Torre, London and Colle Systems} (7. Nbd2 Qe8 8. e4 e5 9. dxe5 Nh5 10. Be3 Nxe5 11. Nxe5 Qxe5 12. Nc4 Qf6 13. c3 Nf4 14. Bf1 Be6 15. Nd2 {½-½ (75) Hove,E (2340)-Epishin,V (2541) Lund 2017}) 7... e5 $146 {[%mdl 512]} ({Predecessor:} 7... c5 8. c3 a6 9. a4 b6 10. Nbd2 Bb7 11. O-O Rc8 12. Qe2 Nb8 13. Rfc1 Nfd7 14. Ne4 d5 {1-0 (64) Duval,D (1718)-Couronne,P (1657) Montigny le Bretonneux 2017}) 8. dxe5 dxe5 9. e4 {The position is equal.} Qe7 10. O-O b6 11. Nc3 Bb7 12. Qe2 Rad8 13. Rfe1 c6 14. a3 Ne8 15. Bc4 Nd6 16. Ba2 Bh6 17. Rad1 Kg7 18. b4 f6 19. Na4 b5 20. Qd3 Nc4 {Threatens to win with ...Ndb6.} 21. Qc3 a5 {...Nxa3 is the strong threat.} 22. Bxc4 axb4 23. axb4 bxa4 24. Bg3 Kh8 25. Ra1 Nb6 26. Bd3 Rfe8 27. Nd2 Rd4 28. Reb1 Bxd2 29. Qxd2 Ba6 $1 {[%mdl 64] Pin} 30. Qc3 Bxd3 31. cxd3 Qd6 $1 32. Rc1 (32. f3 {with more complications.} Rxd3 33. Qc5 Rb8 34. Rc1 Kg7 35. Qa5) 32... Rc8 $36 {[%mdl 2048] Black is more active.} 33. Qc5 Qxc5 $1 34. bxc5 Nd7 35. Rc3 Rb8 36. Raa3 ({White should play} 36. f3 $1 $15) 36... Rb1+ $17 37. Kh2 Rdb4 38. f3 Kg8 39. Ra2 R1b2 40. Ra1 Kf7 (40... Re2 $142 41. Kh1 Rbb2 42. Rxa4 Rxg2) 41. Be1 Rd4 (41... Re2 $17 {And now ...Rbb2 would win.} 42. Rc2 {[#]} Rb1 $1 {[%mdl 512]} 43. Rxb1 Rxc2) 42. Kg1 (42. Rcc1 $11 {keeps the balance.}) 42... Rb3 43. Rcc1 $2 (43. Kf1 $17) 43... a3 $19 ({Stronger than} 43... Rbxd3 44. Bf2 $11) 44. Bf2 Rdxd3 45. Ra2 (45. Be1 {was necessary.}) 45... Nb8 46. Be1 Na6 47. Rcc2 Nc7 48. Bd2 Nb5 {Hoping for ...Nd4.} 49. Bc1 Rdc3 50. Rxc3 Nxc3 ({Much less strong is} 50... Rxc3 51. Ra1 $19) 51. Rxa3 Ne2+ {[%mdl 64] Double Attack} 52. Kf2 Nxc1 53. Ra6 Nd3+ 54. Kg3 {Accuracy: White = 42%, Black = 62%.} 0-1

[Event "Astana Open-A 2019"]
[Site "Nur-Sultan"]
[Date "2019.07.09"]
[Round "1"]
[White "Aldabergenov, Alrami"]
[Black "Sivuk, Vitaly"]
[Result "0-1"]
[WhiteElo "2126"]
[BlackElo "2546"]
[Annotator "TA"]
[PlyCount "88"]
[EventDate "2019.07.11"]
[EventCountry "KAZ"]
[SourceTitle "playchess.com"]
[Source "ChessBase"]
[SourceQuality "1"]

{[%evp 22,88,12,0,0,0,0,0,0,0,0,0,0,0,0,0,0,-3,15,0,0,-3,-4,-16,-10,-14,-4,-19,-8,-26,-10,-111,-111,-120,-120,-218,-211,-223,-216,-266,-258,-302,-301,-416,-416,-403,-404,-484,-374,-450,-444,-528,-520,-581,-574,-581,-497,-795,-795,-795,-777,-824,-803,-983,-920,-920,-913,-891,-891]} 1. Nf3 Nf6 2. c4 b6 3. g3 c5 4. Bg2 Bb7 5. O-O g6 6. Nc3 Bg7 7. d4 cxd4 8. Nxd4 Bxg2 9. Kxg2 Qc8 10. b3 Qb7+ 11. Kg1 O-O 12. Bb2 d5 {A30: Symmetrical English: Double Fianchetto and Hedgehog} (12... Rd8 13. Nf3 Na6 14. Nd5 Nxd5 15. Bxg7 Ne3 16. Qd2 Kxg7 17. Qxe3 d5 18. Rac1 Nc5 19. h4 h5 20. b4 {½-½ (48) Radjabov,T (2724)-Vachier Lagrave,M (2762) Dubai 2014}) 13. cxd5 Nxd5 14. Nxd5 Qxd5 {The position is equal.} 15. Rc1 Qb7 $146 ({Predecessor:} 15... Rd8 16. Nb5 Na6 17. Qxd5 Rxd5 18. Bxg7 Kxg7 19. Nc7 Nxc7 20. Rxc7 {½-½ (33) Pop,A (2272)-Smirnov,A (2436) Plovdiv 2012}) 16. Qc2 Na6 {[%cal Bb8a6,Ba6c5,Bc5e4][%mdl 32]} 17. Rfd1 Rac8 18. Qb1 Nc5 19. Nf3 f6 20. Bd4 Bh6 21. Rc2 Ne4 22. Rxc8 Rxc8 23. Qd3 Kf7 24. Bb2 Qc6 25. Nd4 Qd5 26. Nb5 {[#]} (26. f4 $11) 26... Qxd3 $1 $17 27. Rxd3 Rc2 $36 {[%mdl 2112] Double Attack. Black is really pushing.} 28. Ba3 {[#]} (28. Bd4 $17) 28... a6 $1 $19 {[%cal Ra6b5,Ba7a6,Ba6a5][%mdl 32]} ({Much less strong is} 28... Rxe2 29. Rd7 $17) 29. Rd7 Bf8 ({Weaker is} 29... axb5 30. Rxe7+ Kg8 31. Rxe4 $14) 30. Nc7 Rxa2 31. Bb4 a5 ({Don't take} 31... Rxe2 32. Nd5 $19) 32. Be1 Ra1 33. Kf1 Nc5 34. Rd2 Rb1 35. Rc2 Nxb3 {Black is clearly winning.} 36. e3 e6 37. Ke2 a4 38. Nb5 a3 39. Nc3 {[#]} (39. Rc7+ $142 Kg8 40. Bc3) 39... Rxe1+ $1 40. Kxe1 Bb4 41. Ke2 Bxc3 $1 42. Kd3 Bb2 43. Rc7+ Ke8 {...a2 is the strong threat.} 44. Ra7 {[#]} a2 $1 {Accuracy: White = 31%, Black = 81%.} 0-1

[Event "Astana Open-A 2019"]
[Site "Nur-Sultan"]
[Date "2019.07.09"]
[Round "1"]
[White "Omarov, Ospan"]
[Black "Erigaisi Arjun"]
[Result "0-1"]
[WhiteElo "2117"]
[BlackElo "2531"]
[Annotator "TA"]
[PlyCount "96"]
[EventDate "2019.07.11"]
[EventCountry "KAZ"]
[SourceTitle "playchess.com"]
[Source "ChessBase"]
[SourceQuality "1"]

{[%evp 17,96,-24,-14,-16,-28,-50,-50,-68,-52,-55,-31,-42,-32,-64,-41,-61,-23,-39,-35,-33,-25,-38,-33,-31,24,0,5,-22,7,-72,0,-85,-16,-123,-87,-129,-95,-86,-64,-95,-81,-110,-107,-99,-64,-57,-55,-137,-138,-120,-61,-179,-183,-183,-178,-168,-177,-443,-459,-456,-312,-623,-630,-559,-568,-1006,-970,-1562,-567,-1720,-1671,-1743,-1637,-29980,-29981,-29980,-29982,-29982,-29983,-29983,-29984]} 1. e4 c5 2. Nf3 e6 3. d3 d5 4. Nbd2 Nf6 5. g3 g6 6. Bg2 Bg7 7. O-O O-O 8. Re1 Nc6 9. Qe2 b6 10. Nf1 {A08: King's Indian Attack} e5 11. Bg5 (11. exd5 Nxd5 12. Ne3 Nxe3 13. Bxe3 Bb7 14. Qd2 Re8 15. Bh6 Qd7 16. Bxg7 Kxg7 17. a3 f6 {½-½ (58) Sengupta,D (2587)-Sjugirov,S (2650) St Petersburg 2017}) 11... d4 12. Qd2 {Black is slightly better.} Qd6 $146 ({Predecessor:} 12... Re8 13. c4 Qd6 14. h3 a6 15. Bh6 Nh5 16. N1h2 Bxh6 17. Qxh6 Ra7 {1-0 (46) Golubov,S (2484)-Gadimbayli,A (2330) Kirishi 2016}) 13. Bh6 Ba6 14. Bxg7 Kxg7 15. b3 Nd7 16. Nh4 f6 17. h3 Ne7 18. Nh2 Bb7 19. Rf1 g5 20. N4f3 b5 (20... Qe6 $15) 21. h4 $11 h6 22. hxg5 fxg5 23. Ng4 (23. c3 $11 {keeps the balance.}) 23... Ng6 ({Black should play} 23... Rf7 $17) 24. Qe2 {[#]} (24. a4 $11) 24... c4 $1 {[%mdl 512]} 25. Ne1 (25. dxc4 $11 {remains equal.} bxc4 26. bxc4) (25. bxc4 bxc4) 25... Rac8 26. Bh3 Rc7 27. Nh2 Nc5 28. Qh5 Bc6 29. Rd1 Be8 {aiming for ...Nf4.} 30. Qe2 {[#]} h5 $1 {[%mdl 512]} 31. Bf5 $1 (31. Qxh5 Rh8) 31... Ne7 $1 $36 {[%mdl 2048] White is under pressure.} 32. Ng2 (32. dxc4 $15 Nxf5 33. exf5) 32... Nxf5 33. exf5 Rxf5 (33... cxd3 $17 34. cxd3 Rxf5) 34. g4 (34. dxc4 $15 Qc6 {[#]} 35. c3 $1 {[%mdl 512]}) 34... hxg4 $19 35. Qxg4 Bg6 36. dxc4 bxc4 37. f4 $2 (37. bxc4 Kh8 38. c3) 37... exf4 38. Nf3 Ne6 39. Rfe1 $2 (39. Rf2) 39... d3 40. cxd3 c3 41. Rxe6 Qxe6 42. Nxg5 Qb6+ (42... Qf6 $142 43. Ne4 Qd4+ 44. Kh2 c2 45. Nxf4 Rxf4 {[%mdl 64] Promotion} 46. Qxf4 cxd1=Q 47. Qxc7+ Bf7 48. Qg3+ Kh8 49. Qh3+ Qh5 50. Qxh5+ Bxh5) 43. Kh1 c2 {( -> ...Rxg5)} 44. Rc1 Qf6 45. Ne4 Qb2 {[%mdl 64] Double Attack. Black mates.} 46. Nh4 Qxc1+ 47. Kh2 {[#]} Qh1+ $1 {[%mdl 576] Decoy, Clearance, Promotion} 48. Kxh1 c1=Q+ {Accuracy: White = 26%, Black = 50%.} 0-1

[Event "Astana Open-A 2019"]
[Site "Nur-Sultan"]
[Date "2019.07.10"]
[Round "2"]
[White "Stupak, Kirill"]
[Black "Kazakov, Konstantin"]
[Result "1-0"]
[WhiteElo "2560"]
[BlackElo "2380"]
[Annotator "RC"]
[PlyCount "103"]
[EventDate "2019.07.11"]
[EventCountry "KAZ"]
[SourceTitle "playchess.com"]
[Source "ChessBase"]
[SourceQuality "1"]
[TimeControl "90+30"]

1. d4 {[%emt 0:00:00]} Nf6 {[%emt 0:00:00]} 2. c4 {[%emt 0:00:00]} e6 {[%emt 0:00:00]} 3. Nf3 {[%emt 0:00:00]} d5 {[%emt 0:00:00]} 4. Bg5 {[%emt 0:00:00]} Nbd7 {[%emt 0:00:00]} 5. e3 {[%emt 0:00:00]} c6 {[%emt 0:00:00]} 6. Nc3 {[%emt 0:00:00]} Qa5 {[%emt 0:00:00]} 7. cxd5 {[%emt 0:00:00]} exd5 {[%emt 0:00:00]} 8. Bd3 {[%emt 0:00:00]} Bb4 {[%emt 0:00:00]} 9. Qc2 {[%emt 0:00:00]} O-O {[%emt 0:00:00]} 10. O-O {[%emt 0:00:00]} Re8 {[%emt 0:00:00]} 11. Rfc1 {[%emt 0:00:00]} Bxc3 {[%emt 0:00:00]} 12. bxc3 {[%emt 0:00:00]} Ne4 {[%emt 0:00:00]} 13. Bf4 {[%emt 0:00:00]} Nb6 {[%emt 0:00:00]} 14. a4 {[%emt 0:00:00]} g6 {[%emt 0:00:00]} 15. h3 {[%emt 0:00:00]} c5 {[%emt 0:00:00]} 16. Bb5 {[%emt 0:00:00]} Bd7 {[%emt 0:00:00]} 17. Ne5 {[%emt 0:00:00]} Bf5 {[%emt 0:00:00]} 18. Bxe8 {[%emt 0:00:00]} Rxe8 {[%emt 0:00:00]} 19. Qb3 {[%emt 0:00:00]} f6 {[%emt 0:00:00]} 20. Nf3 {[%emt 0:00:00]} Bd7 {[%emt 0:00:00]} 21. Bc7 {[%emt 0:00:00]} c4 {[%emt 0:00:00]} 22. Qb2 {[%emt 0:00:00]} Re6 {[%emt 0:00:00]} 23. Nd2 {[%emt 0:00:00]} Nxd2 {[%emt 0:00:00]} 24. Qxd2 {[%emt 0:00:00]} Qa6 {[%emt 0:00:00]} 25. a5 {[%emt 0:00:00]} Na4 {[%emt 0:00:00]} 26. Qc2 {[%emt 0:00:00]} b5 {[%emt 0:00:00]} 27. axb6 {[%emt 0:00:00]} axb6 {[%emt 0:00:00]} 28. Qa2 {[%emt 0:00:00]} Qc8 {[%emt 0:00:00]} 29. Bg3 {[%emt 0:00:00]} Qf8 {[%emt 0:00:00]} 30. Qa3 {[%emt 0:00:00]} Qxa3 {[%emt 0:00:00]} 31. Rxa3 {[%emt 0:00:00]} b5 {[%emt 0:00:00]} 32. Bc7 {[%emt 0:00:00]} Ra6 {[%emt 0:00:00]} 33. f3 {[%emt 0:00:00]} Bf5 {[%emt 0:00:00]} 34. e4 {[%emt 0:00:00]} Be6 {[%emt 0:00:00]} 35. Rb1 {[%emt 0:00:00]} Bd7 {[%emt 0:00:00]} 36. exd5 {[%emt 0:00:00]} Ra8 {[%emt 0:00:00]} 37. Re1 {[%emt 0:00:00]} Kf7 {[%emt 0:00:00]} 38. Bd6 {[%emt 0:00:00]} Re8 {[%emt 0:00:00]} 39. Rxe8 {[%emt 0:00:00]} Kxe8 {[%emt 0:00:00]} 40. Bb4 {[%emt 0:00:00]} Nb6 {[%emt 0:00:00]} 41. d6 {[%emt 0:00:00]} Kf7 {[%emt 0:00:00]} 42. Ra1 {[%emt 0:00:00]} g5 {[%emt 0:00:00]} 43. Kf2 {[%emt 0:00:00]} Nd5 {[%emt 0:00:00]} 44. h4 {[%emt 0:00:00]} h6 {[%emt 0:00:00]} 45. h5 {[%emt 0:00:00]} Nb6 {[%emt 0:00:00]} 46. Ra6 {[%emt 0:01:38]} Nc8 {[%emt 0:00:00]} 47. d5 {[%emt 0:00:51]} f5 {[%emt 0:00:00]} 48. Ke3 {[%emt 0:00:23]} Kf6 {[%emt 0:00:00]} 49. Kd4 {[%emt 0:00:12]} f4 {[%emt 0:00:00]} 50. Rc6 {[%emt 0:00:28]} Kf7 {[%emt 0:00:00]} 51. Ke5 {[%emt 0:00:15]} Ke8 {[%emt 0:00:00]} 52. Bc5 {[%emt 0:00:18]} 1-0

[Event "Astana Open-A 2019"]
[Site "Nur-Sultan"]
[Date "2019.07.10"]
[Round "2"]
[White "Sivuk, Vitaly"]
[Black "Kassimov, Baurzhan"]
[Result "1-0"]
[WhiteElo "2546"]
[BlackElo "2364"]
[Annotator "TA"]
[PlyCount "59"]
[EventDate "2019.07.11"]
[EventCountry "KAZ"]
[SourceTitle "playchess.com"]
[Source "ChessBase"]
[SourceQuality "1"]

{[%evp 9,65,60,65,68,75,71,69,36,56,54,85,92,81,89,126,122,122,122,133,120,143,122,114,107,97,74,81,61,102,94,183,178,196,175,175,170,258,275,266,258,239,224,352,354,354,369,476,457,558,563,993,997,991,990,1615,1563,2241,2031]} 1. d4 Nf6 2. c4 b6 3. f3 c5 (3... Bb7 4. e4 e6 5. Nc3 d5 6. cxd5 exd5 7. e5 Nfd7 8. f4 c5 9. Nf3 Nc6 10. Be3 cxd4 11. Nxd4 Bc5 12. Bb5 Nxd4 13. Bxd4 {1-0 (33) Matlakov,M (2700)-Mamedyarov,S (2817) St Petersburg 2018}) 4. d5 d6 5. e4 g6 6. Ne2 {A50: Queen's Fianchetto Defence (1 d4 Nf6 2 c4 b6)} Bg7 7. Nec3 O-O 8. Be3 {White is slightly better.} a6 $146 ({Predecessor:} 8... e6 9. Be2 exd5 10. cxd5 Re8 11. O-O {1-0 (52) Kantor,G (2403)-Horvath,A (2535) Heviz 2015}) 9. a4 e5 10. g4 Ne8 11. h4 f5 12. gxf5 gxf5 13. exf5 Bxf5 14. Bd3 Nd7 {[#]} 15. Bxf5 $1 Rxf5 16. Nd2 e4 17. fxe4 Rf7 18. Bg5 Qc8 19. Qg4 Nc7 (19... Nef6 $16 20. Qe6 Ne5) 20. h5 $18 Kh8 21. Ke2 Qg8 {Strongly threatening ...Bxc3.} 22. Raf1 {Threatens to win with Rxf7.} Ne5 (22... Raf8 $142) 23. Qh4 {aiming for h6.} h6 24. Be7 Ne8 {[#]} 25. Rxf7 $1 Nxf7 (25... Qxf7 {was necessary.} 26. Rf1 Qg8) 26. Rg1 Ne5 27. Nd1 b5 28. Ne3 {White is clearly winning.} bxc4 29. Nf5 Rb8 {[#]} 30. Nxg7 {Played: Rg1xg7} 1-0

[Event "Astana Open-A 2019"]
[Site "Nur-Sultan"]
[Date "2019.07.10"]
[Round "2"]
[White "Agmanov, Zhandos"]
[Black "Amonatov, Farrukh"]
[Result "0-1"]
[WhiteElo "2402"]
[BlackElo "2632"]
[Annotator "TA"]
[PlyCount "76"]
[EventDate "2019.07.11"]
[EventCountry "KAZ"]
[SourceTitle "playchess.com"]
[Source "ChessBase"]
[SourceQuality "1"]

{[%evp 11,86,29,47,49,41,35,47,41,81,79,82,58,83,87,93,52,59,55,51,25,25,14,27,0,0,0,2,0,0,0,0,-10,-15,-13,-11,-29,-10,-12,-8,-41,0,0,0,-28,0,0,27,0,18,0,0,0,0,0,0,0,6,-21,-19,-20,-32,-87,-71,-80,-57,-69,-68,-71,-71,-340,-316,-1003,-925,-1549,-1514,-29997,-29998]} 1. e4 c5 2. Nf3 d6 3. Bb5+ Nd7 4. O-O Ngf6 5. Re1 a6 6. Bf1 e5 7. c3 {B51: Sicilian: Moscow Variation (3 Bb5+) without 3...Bd7} Be7 8. d4 O-O 9. a4 {White is slightly better.} b6 10. d5 Ne8 $146 ({Predecessor:} 10... g6 11. Bh6 Re8 12. Na3 Bf8 13. Bg5 h6 14. Bd2 Nh5 {½-½ (61) Zhang,Z (2645)-Maghsoodloo,P (2584) Doha 2016}) 11. g3 g6 12. Bh6 Ng7 13. Qd2 Nf6 14. h3 Kh8 15. Bg2 (15. Bg5 {is interesting.} Bd7 16. b4 Ng8 17. Bxe7 Nxe7 18. Bg2) 15... Ng8 16. Be3 Bd7 17. c4 f5 18. Nc3 Rb8 19. b3 Nh5 20. Ne2 Qc8 21. Kh2 fxe4 22. Nfg1 $1 Ng7 23. Nc3 Nf5 24. Nxe4 Nf6 25. Ng5 Nh5 26. Ne4 Nf6 27. Ng5 Nh5 {[%cal Bf6h5,Bh5g7,Bg7f5][%mdl 32]} 28. Ne4 Nhg7 29. Ne2 Qd8 30. Rf1 Nxe3 31. fxe3 Nf5 32. Rf3 h5 33. Raf1 Kg7 34. Qd3 b5 35. axb5 axb5 36. N4c3 (36. N2c3 $15) 36... bxc4 37. bxc4 Rb2 38. R3f2 Qa5 {Played: Rb2-b3} 0-1